Posibles fuentes de financiamiento interno para la industrialización (Registro nro. 28794)

Detalles MARC
000 -LEADER
fixed length control field 00346 a2200109 4500
001 - CONTROL NUMBER
control field ART_26486
005 - DATE AND TIME OF LATEST TRANSACTION
control field 20260410161933.0
008 - FIXED-LENGTH DATA ELEMENTS--GENERAL INFORMATION
fixed length control field 260409a
100 1# - MAIN ENTRY--PERSONAL NAME
Personal name Reichardt, Manfred
245 10 - TITLE STATEMENT
Title Posibles fuentes de financiamiento interno para la industrialización
773 0# - HOST ITEM ENTRY
Title Informe
Related parts - Año III, Nº 22 (abr. 1971)
Record control number REV23765

No hay ítems disponibles.